00532nam a2200157 a 450000100100000000500170001000800410002704000250006808200150009310000270010824500570013526000310019230000210022395201130024499900170035700004221020201002040017.0131119s1970 nyu 000 0 spa d aDO-SdBNPbspacBNPHU axxxbW819r1 aWitcover, Jules96922913aThe resurrection of Richard Nixon /cJules Witcover. aNew York :bPutnam,c1970. a479 p. ;c22 cm. 001050718MOaGRbGRcCTd2013-11-19iLF1l0oxxx W819rp42210-10r2020-06-25w2020-06-25y1ZNo se presta c41699d41699